তজরীদুল বুখারী / (Record no. 37888)
[ view plain ]
| 000 -LEADER | |
|---|---|
| fixed length control field | 00819nam a2200229 a 4500 |
| 001 - CONTROL NUMBER | |
| control field | 37888 |
| 003 - CONTROL NUMBER IDENTIFIER | |
| rucl marc code | BD-RjUL |
| 005 - DATE AND TIME OF LATEST TRANSACTION | |
| control field | 20211209052700.0 |
| 008 - FIXED-LENGTH DATA ELEMENTS--GENERAL INFORMATION | |
| fixed length control field | 150806b1958 bg ||||| |||| 00| 0 ben d |
| 035 ## - SYSTEM CONTROL NUMBER | |
| System control number | (BD-RjUL)37993 |
| 040 ## - CATALOGING SOURCE | |
| Original cataloging agency | BD-RjUL |
| Language of cataloging | ben |
| Transcribing agency | BD-RjUL |
| 041 ## - LANGUAGE CODE | |
| Language code of text/sound track or separate title | ben |
| 082 ## - DEWEY DECIMAL CLASSIFICATION NUMBER | |
| Classification number | 297.12541 |
| Author mark and year | JAT 1958 |
| 100 ## - MAIN ENTRY--PERSONAL NAME | |
| Personal name | যবীদীর, আবু-'ল-আব্বাস যইনু-'দ-দীন আহমদ |
| 9 (RLIN) | 117384 |
| 245 10 - TITLE STATEMENT | |
| Title | তজরীদুল বুখারী / |
| Statement of responsibility, etc. | আবু-'ল-আব্বাস যইনু-'দ-দীন আহমদ যবীদীর |
| 260 ## - PUBLICATION, DISTRIBUTION, ETC. (IMPRINT) | |
| Place of publication, distribution, etc. | ঢাকা : |
| Name of publisher, distributor, etc. | বাংলা একাডেমী, |
| Date of publication, distribution, etc. | ১৯৫৮ |
| 300 ## - PHYSICAL DESCRIPTION | |
| Pagination | V ; |
| Size | ২৪ সেমি. |
| 505 ## - FORMATTED CONTENTS NOTE | |
| Formatted contents note | V.1-- |
| 650 ## - SUBJECT ADDED ENTRY--TOPICAL TERM | |
| Topical term or geographic name as entry element | হাদীস |
| 9 (RLIN) | 117385 |
| Topical term or geographic name as entry element | Hadith |
| 9 (RLIN) | 117386 |
| 942 ## - ADDED ENTRY ELEMENTS (KOHA) | |
| Source of classification or shelving scheme | Dewey Decimal Classification |
| Koha item type | Books |
| Lost status | Source of classification or shelving scheme | Damaged status | Not for loan | Collection code | Permanent Location | Current Location | Shelving location | Date acquired | Source of acquisition | Cost, normal purchase price | Total Checkouts | Full call number | Date last seen | Copy number | Koha item type |
|---|---|---|---|---|---|---|---|---|---|---|---|---|---|---|---|
| Dewey Decimal Classification | Non-fiction | Central Library, University of Rajshahi | Central Library, University of Rajshahi | 13/02/1967 | Sowkat Osman | 10.00 | B 297.12541 JAT V-1 1958 | 06/08/2015 | C-2 | Books | |||||
| Dewey Decimal Classification | Non-fiction | Central Library, University of Rajshahi | Central Library, University of Rajshahi | 11/04/1991 | Sokat Osman | 10.00 | B 297.12541 JAT V-1 1958 | 08/08/2015 | C-3 | Books | |||||
| Dewey Decimal Classification | Non-fiction | Central Library, University of Rajshahi | Central Library, University of Rajshahi | 05/01/1965 | Nowroze kitabstan | 10.00 | B 297.12541 JAT V-1 1958 | 08/08/2016 | C-4 | Books | |||||
| Dewey Decimal Classification | Non-fiction | Central Library, University of Rajshahi | Central Library, University of Rajshahi | 05/01/1965 | Nowroze kitabstan | 10.00 | B 297.12541 JAT 1958 V-1 | 08/08/2016 | C-5 | Books | |||||
| Dewey Decimal Classification | Not For Loan | Non-fiction | Central Library, University of Rajshahi | Central Library, University of Rajshahi | Reading Room | 05/01/1962 | Nowrose kitabitan, Dacca. | B 297.12541 JAT V-1 1958 | 27/12/2016 | C-1 | Books | ||||
| Dewey Decimal Classification | Non-fiction | Central Library, University of Rajshahi | Central Library, University of Rajshahi | 05/11/1964 | Nawraj ketabstan , Dhaka | 10.00 | B 297.12541 JAT 1958 V-1 | 29/12/2020 | C-6 | Books |